Ser o no ser (Record no. 122306)

MARC details
000 -LEADER
campo de control de longitud fija 00759nam a2200229 i 4500
001 - NÚMERO DE CONTROL
campo de control 122306
003 - IDENTIFICADOR DE NÚMERO DE CONTROL
campo de control ES-MaACL
005 - FECHA Y HORA DE LA ÚLTIMA TRANSACCIÓN
campo de control 20230906191942.0
007 - CAMPO FIJO DE DESCRIPCIÓN FÍSICA--INFORMACIÓN GENERAL
campo de control de longitud fija t|
008 - DATOS DE LONGITUD FIJA--INFORMACIÓN GENERAL
campo de control de longitud fija 070524s1930 sp ||||1| spa d
080 ## - NÚMERO DE LA CLASIFICACIÓN DECIMAL UNIVERSAL
Número de la Clasificación Decimal Universal 821.134.2-22 "19"
100 1# - ENTRADA PRINCIPAL--NOMBRE DE PERSONA
Nombre de persona López de Haro, Rafael.
9 (RLIN) 73547
245 10 - MENCIÓN DEL TÍTULO
Título Ser o no ser
Resto del título : comedia en tres actos /
Mención de responsabilidad, etc. Rafael López de Haro ; dibujos de Barbero.
260 ## - PUBLICACIÓN, DISTRIBUCIÓN, ETC.
Lugar de publicación, distribución, etc. Madrid :
Nombre del editor, distribuidor, etc. Editorial Estampa,
Fecha de publicación, distribución, etc. 1930.
300 ## - DESCRIPCIÓN FÍSICA
Extensión 62 p. :
Otras características físicas il. ;
Dimensiones 16 cm.
490 1# - MENCIÓN DE SERIE
Mención de serie La Farsa ;
Designación de volumen o secuencia 122
500 ## - NOTA GENERAL
Nota general Estrenada en el teatro de la Princesa de Madrid el día 2 de marzo de 1926.
700 0# - ENTRADA AGREGADA--NOMBRE PERSONAL
Nombre de persona Barbero
Títulos y otros términos asociados al nombre , ilustrador.
9 (RLIN) 25440
830 0# - PUNTO DE ACCESO ADICIONAL DE SERIE-TÍTULO UNIFORME
Título uniforme La Farsa ;
Designación de volumen o secuencia 122
9 (RLIN) 185863
852 ## - LOCALIZACIÓN
Ubicación ES-MaACL
Número de control de estantería G-8823(2)
Sublocalización o colección R.142273
Holdings
Estatus retirado Estado de pérdida Estado de daño No para préstamo Biblioteca de origen Biblioteca actual Ubicación en estantería Fecha de adquisición Fuente de adquisición Total de préstamos Signatura topográfica completa Código de barras Visto por última vez Precio de reemplazo Tipo de ítem Koha
        Biblioteca del Ateneo de Madrid Biblioteca del Ateneo de Madrid Sala Pecera Planta 3 17/01/2008     G-8823(2) 1127450 23/02/2023 23/02/2023 Libro impreso